Etude de l'organisation des élevages commerciaux et modernes de poules pondeuses : stratégies de gestion et mode planification en relation avec la demande du marché : cas des départements de l'Atlantique et Litoral (Record no. 30541)

MARC details
000 -LEADER
fixed length control field 01272 a2200325 4500
041 ## - CODE DE LANGUE
Language code of summary or abstract/overprinted title or subtitle Fr
040 ## - SOURCE DU CATALOGAGE
Original cataloging agency Doc.
041 ## - CODE DE LANGUE
Language code of summary or abstract/overprinted title or subtitle Fr
041 ## - CODE DE LANGUE
Language code of summary or abstract/overprinted title or subtitle En
100 ## - VEDETTE PRINCIPALE - NOM DE PERSONNE
Personal name ADDA, Fiacre D.
130 ## - VEDETTE PRINCIPALE - TITRE UNIFORME
Language of a work Fr
245 ## - TITLE STATEMENT
Title Etude de l'organisation des élevages commerciaux et modernes de poules pondeuses : stratégies de gestion et mode planification en relation avec la demande du marché : cas des départements de l'Atlantique et Litoral
300 ## - PHYSICAL DESCRIPTION
Extent XIII-120 p.
300 ## - PHYSICAL DESCRIPTION
Other physical details ill., graph., tabl.
502 ## - DISSERTATION NOTE
Dissertation note Thèse
520 ## - SUMMARY, ETC.
Summary, etc La présente étude traite des stratégies de gestion et mode de planification de la production des élevages commerciaux et modernes de poules pondeuses en relation avec la demande du marché dans le département de l'Atlantique et du Litoral...
653 1# - INDEX TERM--UNCONTROLLED
Uncontrolled term Sciences et Techniques de Production Animale
650 ## - SUBJECT ADDED ENTRY--TOPICAL TERM
Topical term or geographic name as entry element AVICULTURE
650 ## - SUBJECT ADDED ENTRY--TOPICAL TERM
Topical term or geographic name as entry element ELEVAGE
650 ## - SUBJECT ADDED ENTRY--TOPICAL TERM
Topical term or geographic name as entry element POULE
650 ## - SUBJECT ADDED ENTRY--TOPICAL TERM
Topical term or geographic name as entry element POULE
650 ## - SUBJECT ADDED ENTRY--TOPICAL TERM
Topical term or geographic name as entry element AGRONOMIE
651 ## - SUBJECT ADDED ENTRY--GEOGRAPHIC NAME
Geographic name DEPARTEMENT ATLANTIQUE
651 ## - SUBJECT ADDED ENTRY--GEOGRAPHIC NAME
Geographic name DEPARTEMENT LITORAL
653 #1 - INDEX TERM--UNCONTROLLED
Uncontrolled term Sciences et Techniques de Production Animale
651 ## - SUBJECT ADDED ENTRY--GEOGRAPHIC NAME
Geographic name BENIN
690 ## - LOCAL SUBJECT ADDED ENTRY--TOPICAL TERM (OCLC, RLIN)
Topical term or geographic name as entry element POULE PONDEUSE
710 ## - ADDED ENTRY--CORPORATE NAME
Corporate name or jurisdiction name as entry element <Abomey-Calavi>, <Université d'Abomey-Calavi>, <FAculté des Sciences Agronomiques>, <UAC>, <BJ>
Holdings
Withdrawn status Lost status Damaged status Not for loan Location (home branch) Sublocation or collection (holding branch) Date acquired Koha issues (times borrowed) Koha full call number Koha date last seen Copy number Price effective from Koha item type Public note
        Bibliothèque-Centre de Documentation de la Faculté des Sciences Agronomiques Bibliothèque-Centre de Documentation de la Faculté des Sciences Agronomiques 08/05/2005   A.8654.TPA.2001.006 28/02/2009 03 28/02/2009 Livre A.10045


© 2008, Bibliothèques de l'Université d'Abomey-Calavi

04 BP 789 Cotonou, Tél. : +229 21 36 01 01, Fax : +229 21 35 06 32

Courriel : bu@bu.uac.bj